000 00885nam a2200229Ii 4500
003 JO-AjNU
008 230605s9999||||xx |||||||||||||| ||und||
017 _a847
020 _a978-9959-43-118-9
040 _aJO-AjNU
_bara
_erda
_cJO-AjNU
041 _aara
050 1 4 _aHG8051 2008
100 3 _aتاليف القزويني، علي تقي، م.مشارك سوسن احمد ضياء,
_eauthor
_944635
245 0 0 _aاساسيات التأمين مع دراسة على قطاع التامين في ليبيا (1964-2003)
250 _aط1
264 3 1 _aطرابلس: اكاديمية الدراسات العليا، 2008
300 _a527ص
_bيحتوي على ببلوغرافية من 515-527ص
336 _atext
_btxt
_2rdacontent
337 _aunmediated
_bn
_2rdamedia
338 _avolume
_bnc
_2rdacarrier
650 4 _aالتامين - اعادة التأمين
_944636
999 _aA19287
_c22855
_d22855